Statystyki dla Jak dobrze znasz piosenkę "Trudno tak" Krzysztofa Krawczyka?

Kliknij tutaj aby rozwiązać quiz!

Ogólne statystyki

  • Ten quiz został rozwiązany 10 razy
  • Średni wynik to 14 z 26

Statystyki odpowiedzi

TekstBrakujące słowo% Poprawnych
Trudno tak razem być nam ze ...sobą
100%
Trzeba ... o tę miłośćdbać
75%
Bez siebie nie jest ...lżej
75%
A minuty wciąż ...płyną
75%
Myśli ciążą ...bardziej
63%
W sercu czuję ... samotnej nocychłód
63%
O słonecznych ...czasach
63%
Lecz trzeba ...nam
63%
Sceny ... zliczonenie
63%
Zasłonięte ...okna
63%
Gdy ... mi brak śnięsił
63%
Nam nie wolno ... jejstracić
63%
Ulice odbijają ... smutek niebaszary
63%
Niż wczorajsze ...wino
63%
... się szaleństwoBurzy
50%
Zapach ... kawyczarnej
50%
W twoim śnie jestem ...gwiazdą
50%
Smak ... cię budzikawy
50%
Na moim ... cielenagim
50%
Cieniste ...podwórza
50%
Ze starego ...romansu
50%
Tak ... z tobą spędzanychwspólnie
50%
Tych ... dramatówcichych
25%
Filiżanki ...ciepło
25%
Jak ... gdy wokółprzystań
25%
... łzy niczym kołdraTwe
13%

Rozkład punktacji

Percentyl według liczby udzielonych odpowiedzi

Procent ludzi z każdym wynikiem

Twoja historia wyników

Nie rozwiązałeś tego quizu